00783nam a2200193 a 4500008004100000050001500041100001800056245008200074260004000156350000900196490003300205650001100238650002600249650003900275650003700314995009900351999001700450952012200467080407s1998 ||||||||||||||||| || u aIBRD(08)DP aLovei, Laszlo10aEnergy in Europe and Central Asia: a sector strategy for the World Bank Group aWashington, D. C.bWorld Bankc1998 a0.00 aWorld Bank Discussion Papers aENERGY 7aENERGY POLICY2unbist aENERGY INDUSTRIES--EUROPE, EASTERN aENERGY INDUSTRIES--ASIA, CENTRAL D0.00FCBU-MAIN LIBRARY (Kitwe)H1I0.00M1UAVAILABLEWApr 7, 2008ZInternational Publications c41871d41871 00102lcc4070a001b001cInternational Publicationsd2022-11-30l0oIBRD(08)DPp027073r2022-11-30w2022-11-30y002